00000000nam 2200000zi 4500
0019.944329
003CaOODSP
00520250130091213
006m     o  d f      
007cr cn|||||||||
008241022t20252025oncd    obs  f000 0 eng d
020 |a9780660741000
040 |aCaOODSP|beng|erda|cCaOODSP
043 |an-cn-on
0861 |aCS75-0002/2025-2E-PDF
1001 |aZhang, Xuelin, |d1961- |eauthor.
24510|aRecent trends in social assistance in Ontario / |cby Xuelin Zhang.
264 1|a[Ottawa] : |bStatistics Canada = Statistique Canada, |c2025.
264 4|c©2025
300 |a1 online resource (18 pages) : |bcolour charts.
336 |atext|btxt|2rdacontent
337 |acomputer|bc|2rdamedia
338 |aonline resource|bcr|2rdacarrier
4901 |aIncome research paper series ; |x1707-2840
500 |aCover title.
500 |a"Release date: January 30, 2025."
500 |aIssued also in French under title: Tendances récentes en assistance sociale en Ontario.
504 |aIncludes bibliographical references.
520 |a"Using a recent and rich database – the Ontario Social Assistance Files created by Statistics Canada – this report examines the overall and disaggregated trends in social assistance in Ontario and how the trends varied under different social assistance programs and across different groups of Ontarians for the period from 2003 to 2019"--Provided by publisher.
650 0|aPublic welfare|zOntario|vStatistics.
650 0|aSocial security|zOntario|vStatistics.
655 7|aStatistics|2lcgft
7102 |aStatistics Canada, |eissuing body.
77508|tTendances récentes en assistance sociale en Ontario / |w(CaOODSP)9.944330
830#0|aIncome research paper series (Statistics Canada)|x1707-2840|w(CaOODSP)9.504704
85640|qPDF|s541 KB|uhttps://publications.gc.ca/collections/collection_2025/statcan/75f0002m2025002-eng.pdf
8564 |qHTML|sN/A|uhttps://www150.statcan.gc.ca/n1/pub/75f0002m/75f0002m2025002-eng.htm